000
00316nam a2200133Ia 4500
100
_a
Hayt/William H/ Kemmerly/ Jack E/
942
_c
BK
654
_a
circuit
245
_a
Engineering Circuit Analysis
260
_b
Mc Graw Hill
_a
New York
_c
1987
082
_a
621.3192
_b
HAY/KE
300
_a
653
546
_a
ENGLISH
999
_c
24563
_d
24563